000 00611nam a22001937a 4500
005 20251108165442.0
008 250721s1990 xx 000 0 ara d
082 1 4 _aم/811.5/زيد
100 1 _aإبن زيدون، أبو الوليد أحمد بن عبد الله
245 1 0 _aديوان إبن زيدون /
264 1 _aبيروت :
_bدار الجيل،
_c1990.
300 _a526ص
650 1 7 _aالأدب العربي
650 1 7 _aالعصر الأندلسي
650 1 7 _aالأدب الأندلسي
700 1 _aالفاخوري، حنا
_eتحقيق
942 _2ddc
_cREF
999 _c28246
_d28246